[Event "Open SSM Inverno"]
[Site "Milano ITA"]
[Date "2014.01.28"]
[Round "5"]
[White "Costisanu, Romica"]
[Black "Chiapperini, Christian"]
[WhiteElo "1484"]
[BlackElo "1516"]
[Result "0-1"]
[PlyCount "60"]
[EventDate "2014.01.14"]

1. e4 e5 2. Nf3 Nc6 3. c3 Nf6 4. Qa4 d6 5. h3 Bd7 6. Qc2 Be7 7. a4 O-O 8. Bc4
Be6 9. Bb5 Bd7 10. Bc4 a6 11. b4 Be6 12. Bxe6 fxe6 13. d3 Qd7 14. Bb2 Nh5 15.
Nbd2 Nf4 16. g3 Ng6 17. h4 Rf7 18. Ng5 Rf6 19. h5 Nh8 20. Qb3 h6 21. Ngf3 Raf8
22. Ke2 Qe8 23. Rhg1 Qf7 24. Ke1 Rxf3 25. Nxf3 Qxf3 26. Rf1 Nd8 27. Qc4 c6 28.
Bc1 d5 29. Qa2 Qxd3 30. Bd2 Qxe4+ 0-1

[Event "Open SSM Inverno"]
[Site "Milano ITA"]
[Date "2014.01.28"]
[Round "5"]
[White "Darvishi, Mahmood"]
[Black "Nepi, Ezio"]
[WhiteElo "2056"]
[BlackElo "1918"]
[Result "1-0"]
[PlyCount "185"]
[EventDate "2014.01.14"]

1. e4 c5 2. Nf3 d6 3. d4 cxd4 4. Nxd4 Nf6 5. Nc3 Nc6 6. Bg5 Bd7 7. Qd2 Rc8 8.
Be2 Nxd4 9. Qxd4 Qa5 10. Be3 a6 11. O-O g6 12. f4 Bg7 13. Qd2 O-O 14. Kh1 Rfe8
15. Bf3 Ng4 16. Bd4 Bxd4 17. Qxd4 Qc5 18. Qxc5 Rxc5 19. Bxg4 Bxg4 20. h3 Be6
21. Rad1 Rec8 22. Rd2 b5 23. a3 a5 24. Rd4 Rc4 25. Rxc4 Rxc4 26. Rf2 b4 27.
axb4 axb4 28. Na4 Rxe4 29. b3 Bd7 30. Nb6 Bc6 31. Kh2 Kf8 32. Nc4 Bb5 33. Nd2
Re2 34. Kg3 Re3+ 35. Rf3 Re1 36. Rf2 Ke8 37. Nf3 Re3 38. Rd2 Re2 39. Rxe2 Bxe2
40. Ne1 Kd7 41. Kf2 Ba6 42. Nf3 f6 43. h4 e5 44. g3 Ke6 45. Ke3 Bb7 46. Ne1 Kd5
47. Nd3 e4 48. Nxb4+ Kc5 49. Na2 d5 50. c3 h5 51. Nc1 Ba6 52. Na2 Bd3 53. Nb4
d4+ 54. Kd2 Bf1 55. Nc2 dxc3+ 56. Kxc3 Bb5 57. Ne3 Bd7 58. b4+ Kb5 59. Nc2 Bc8
60. Nd4+ Kb6 61. Kc4 Bd7 62. Kd5 e3 63. Kc4 e2 64. Nc2 Be6+ 65. Kc3 Bf5 66. Ne1
Kb5 67. Kd2 Bg4 68. Nd3 Kc4 69. Ke3 Kb5 70. Kd4 Bf5 71. Ne1 Kxb4 72. Ke3 Bg4
73. Kd4 Kb3 74. Kd3 Kb2 75. Kd2 Kb1 76. Ng2 Kb2 77. Ne3 Bf3 78. Nc4+ Kb3 79.
Nd6 Kb4 80. Ne8 Kc5 81. Nxf6 Kd6 82. Nh7 Kd5 83. Nf8 Bg4 84. Nxg6 Ke4 85. Ne5
e1=Q+ 86. Kxe1 Be6 87. Kf2 Bf5 88. Nf3 Bg4 89. Ng5+ Kd3 90. Nh7 Kd4 91. Nf6 Bd1
92. g4 hxg4 93. Kg3 1-0

[Event "Open SSM Inverno"]
[Site "Milano ITA"]
[Date "2014.01.28"]
[Round "5"]
[White "Frignani, Alessandro"]
[Black "Alidosi, Marco"]
[WhiteElo "1372"]
[BlackElo "1775"]
[Result "0-1"]
[PlyCount "36"]
[EventDate "2014.01.14"]

1. e4 c5 2. f4 d5 3. e5 Nc6 4. c3 Nh6 5. h3 Qb6 6. Nf3 Nf5 7. g4 Ng3 8. Rg1
Nxf1 9. Rxf1 h5 10. Rg1 c4 11. d4 cxd3 12. Qxd3 e6 13. Be3 Qxb2 14. c4 Bb4+ 15.
Bd2 Bxd2+ 16. Nfxd2 Qxa1 17. cxd5 exd5 18. a3 Qd4 0-1

[Event "Open SSM Inverno"]
[Site "Milano ITA"]
[Date "2014.01.28"]
[Round "5"]
[White "Montoli, Marco"]
[Black "Pelizzola, Danilo"]
[WhiteElo "1981"]
[BlackElo "2127"]
[Result "1-0"]
[PlyCount "85"]
[EventDate "2014.01.14"]

1. c4 Nf6 2. g3 c5 3. Bg2 Nc6 4. Nf3 g6 5. Nc3 Bg7 6. d4 cxd4 7. Nxd4 O-O 8.
O-O a6 9. c5 Qc7 10. Nb3 b5 11. cxb6 Qxb6 12. Be3 Qc7 13. Rc1 Rb8 14. h3 Re8
15. Qd2 a5 16. Rfd1 Nb4 17. Nd5 Qd8 18. Ba7 Nbxd5 19. Bxb8 Qb6 20. Be5 Nb4 21.
Bc7 Qe6 22. Bxa5 Nc6 23. Bc3 h5 24. h4 Kh7 25. e3 Bh6 26. Bxf6 Qxf6 27. Qc3 Qf5
28. Nd4 Nxd4 29. Qxd4 d6 30. Qd3 Qa5 31. Qd5 Qxd5 32. Bxd5 e6 33. Bc6 Rd8 34.
b4 d5 35. Rc2 Bf8 36. b5 Bd7 37. b6 Bxc6 38. Rxc6 Rb8 39. Rb1 Kg7 40. b7 Kf6
41. Rc8 Bd6 42. Rxb8 Bxb8 43. Rc1 1-0

[Event "Open SSM Inverno"]
[Site "Milano ITA"]
[Date "2014.01.28"]
[Round "5"]
[White "Papale, Carmelo"]
[Black "Ruggeri, Igor"]
[WhiteElo "1821"]
[BlackElo "1612"]
[Result "1/2-1/2"]
[PlyCount "117"]
[EventDate "2014.01.14"]

1. e4 c5 2. Nf3 d6 3. d4 cxd4 4. Nxd4 Nf6 5. Nc3 e6 6. Bg5 Be7 7. f4 O-O 8. Qf3
Nbd7 9. O-O-O h6 10. h4 Nh7 11. Bd3 hxg5 12. hxg5 Bxg5 13. e5 Bh6 14. Rxh6 gxh6
15. Rh1 Nxe5 16. fxe5 Qg5+ 17. Kb1 dxe5 18. Rh5 Qf4 19. Qxf4 exf4 20. Rxh6 Ng5
21. Rh5 f6 22. Bc4 Kg7 23. Ncb5 Bd7 24. Nd6 Kg6 25. Rh1 e5 26. Bd3+ f5 27. Ne2
e4 28. Nxf4+ Kg7 29. Bc4 Rh8 30. Rf1 Rh6 31. Nxb7 Rah8 32. b4 Rh1 33. Rxh1
Rxh1+ 34. Kb2 Rh4 35. Ne2 e3 36. Kb3 Be6 37. Bxe6 Nxe6 38. Nd6 Kf6 39. Kc3 Rh2
40. Kd3 f4 41. Ne4+ Ke5 42. Ng1 Rxg2 43. Nf3+ Kd5 44. c4+ Kc6 45. a4 a6 46. b5+
Kb6 47. Ne5 axb5 48. cxb5 Ka5 49. Nc3 Nc5+ 50. Kc4 Nxa4 51. Nc6+ Kb6 52. Nxa4+
Kc7 53. Ne5 Rc2+ 54. Kd3 Rd2+ 55. Ke4 Rf2 56. Nd3 Rf1 57. Nc3 Kb6 58. Nd5+ Kxb5
59. N5xf4 1/2-1/2

[Event "Open SSM Inverno"]
[Site "Milano ITA"]
[Date "2014.01.28"]
[Round "5"]
[White "Silari, Andrea"]
[Black "Bonazzi, Edoardo"]
[WhiteElo "1749"]
[BlackElo "2079"]
[Result "0-1"]
[PlyCount "64"]
[EventDate "2014.01.14"]

1. e4 Nf6 2. e5 Nd5 3. d4 d6 4. Nf3 Nc6 5. h3 g6 6. Bc4 Nb6 7. Bxf7+ Kxf7 8.
Ng5+ Kg8 9. e6 d5 10. Nf7 Qe8 11. Nxh8 Kxh8 12. Qg4 Bg7 13. c3 Qg8 14. O-O Bxe6
15. Qg3 Rc8 16. Bf4 Qd8 17. Re1 Bg8 18. Nd2 Nd7 19. Nf3 Nf6 20. Qh4 Ne4 21. Ne5
Nxe5 22. Bxe5 Bxe5 23. dxe5 e6 24. Qxd8 Rxd8 25. f3 Nc5 26. Rad1 Kg7 27. g4 g5
28. b4 Na4 29. c4 Nb2 30. Rd4 Nxc4 31. Red1 Nxe5 32. Kg2 Ng6 0-1

[Event "Open SSM Inverno"]
[Site "Milano ITA"]
[Date "2014.01.28"]
[Round "5"]
[White "Verderame, Alberto"]
[Black "Brisotto, Stefano"]
[WhiteElo "1474"]
[BlackElo "1492"]
[Result "1/2-1/2"]
[PlyCount "76"]
[EventDate "2014.01.14"]

1. Nf3 c5 2. b3 Nc6 3. c3 Nf6 4. d4 e6 5. Nbd2 cxd4 6. cxd4 Bb4 7. Bb2 d5 8. a3
Bd6 9. e3 O-O 10. Bd3 Bd7 11. Qe2 a6 12. O-O Rc8 13. Ne5 Re8 14. Nxd7 Qxd7 15.
e4 e5 16. dxe5 Nxe5 17. exd5 Neg4 18. Ne4 Bxh2+ 19. Kh1 Bb8 20. Bxf6 Nxf6 21.
Nxf6+ gxf6 22. Qd1 Qd6 23. g3 Qxd5+ 24. Kg1 Qg5 25. Kg2 f5 26. Rh1 Rcd8 27. Rh5
Qg7 28. Rxf5 Rxd3 29. Qxd3 Qxa1 30. Rg5+ Kf8 31. Qxh7 Re1 32. Qg8+ Ke7 33. Qxb8
Rg1+ 34. Kf3 Qd1+ 35. Kf4 Qd2+ 36. Kf5 Qd7+ 37. Kf4 Qd4+ 38. Kf5 Qd3+ 1/2-1/2

[Event "Open SSM Inverno"]
[Site "Milano ITA"]
[Date "2014.01.28"]
[Round "5"]
[White "Vezzosi, Paolo"]
[Black "Bossi, Alessandro"]
[WhiteElo "2252"]
[BlackElo "2031"]
[Result "1-0"]
[PlyCount "55"]
[EventDate "2014.01.14"]

1. d4 d5 2. Nf3 Nf6 3. c4 dxc4 4. Nc3 a6 5. a4 Bg4 6. e3 e6 7. Bxc4 Nc6 8. h3
Bh5 9. O-O Bb4 10. Qb3 Bxf3 11. gxf3 Qe7 12. Be2 Rd8 13. Rd1 O-O 14. f4 Nd5 15.
Bf3 Na5 16. Qc2 f5 17. Bd2 Bxc3 18. Bxc3 Nc6 19. a5 Qh4 20. Kh2 Rf6 21. Rg1
Nxf4 22. exf4 Qxf4+ 23. Rg3 g5 24. Qc1 Qxc1 25. Rxc1 Rg6 26. Bxc6 bxc6 27. Rcg1
h6 28. f4 1-0

[Event "Open SSM Inverno"]
[Site "Milano ITA"]
[Date "2014.01.30"]
[Round "6"]
[White "Alidosi, Marco"]
[Black "Bonazzi, Edoardo"]
[WhiteElo "1775"]
[BlackElo "2079"]
[Result "0-1"]
[PlyCount "114"]
[EventDate "2014.01.14"]

1. Nf3 c5 2. c3 Nc6 3. d4 e6 4. Bf4 Nf6 5. e3 b6 6. Nbd2 Bb7 7. Bd3 Be7 8. h3
Rc8 9. O-O O-O 10. Qe2 d6 11. Ba6 Qc7 12. Bxb7 Qxb7 13. Rfd1 Rfd8 14. e4 cxd4
15. Nxd4 Nxd4 16. cxd4 Rc2 17. Qe3 Rdc8 18. Rab1 Qc6 19. Qd3 a5 20. Be3 b5 21.
f3 Bd8 22. Nf1 Bb6 23. Rdc1 h6 24. Kh1 Qc4 25. Qxc4 R8xc4 26. Rxc2 Rxc2 27. d5
Bxe3 28. Nxe3 Re2 29. Nd1 Re1+ 30. Kh2 exd5 31. exd5 Nxd5 32. Nc3 Rxb1 33. Nxb1
Kf8 34. Na3 Nc7 35. Kg3 Ke7 36. Kf4 Ke6 37. Ke4 d5+ 38. Kd3 Ke5 39. g3 g5 40.
Nc2 Ne6 41. b4 axb4 42. Nxb4 Nc5+ 43. Kd2 d4 44. Nc6+ Kd5 45. Nd8 f6 46. g4 Nd7
47. Nf7 Ne5 48. Nxh6 Nxf3+ 49. Kd3 Ng1 50. Ng8 Ke5 51. Ne7 Nxh3 52. Nc6+ Kd5
53. Nxd4 Nf2+ 54. Ke3 Nxg4+ 55. Kd3 Ne5+ 56. Ke3 Nc4+ 57. Kd3 Nd6 0-1

[Event "Open SSM Inverno"]
[Site "Milano ITA"]
[Date "2014.01.30"]
[Round "6"]
[White "Bossi, Alessandro"]
[Black "Ciciotti, Augusto"]
[WhiteElo "2031"]
[BlackElo "1903"]
[Result "1-0"]
[PlyCount "49"]
[EventDate "2014.01.14"]

1. e4 c5 2. Nf3 d6 3. d4 cxd4 4. Qxd4 a6 5. Be3 e5 6. Qd2 Nf6 7. Nc3 Be6 8. Ng5
Be7 9. Nxe6 fxe6 10. Bc4 Qd7 11. a3 b5 12. Ba2 O-O 13. O-O Kh8 14. f4 Nc6 15.
f5 exf5 16. exf5 Rab8 17. Be6 Qc7 18. Kh1 Na5 19. Bg5 Nc4 20. Qe2 Nxb2 21. Bxf6
Bxf6 22. Nd5 Qc5 23. Rf3 Na4 24. Rh3 e4 25. Rxh7+ 1-0

[Event "Open SSM Inverno"]
[Site "Milano ITA"]
[Date "2014.01.30"]
[Round "6"]
[White "Bracco, Valter"]
[Black "Capostagno, Francesco"]
[WhiteElo "1485"]
[BlackElo "1695"]
[Result "0-1"]
[PlyCount "54"]
[EventDate "2014.01.14"]

1. e4 Nf6 2. e5 Nd5 3. c4 Nb6 4. d4 d6 5. exd6 exd6 6. Bd3 Be7 7. Qc2 Nc6 8.
Be3 Nb4 9. Qd2 Nxd3+ 10. Qxd3 O-O 11. h3 g6 12. b3 c5 13. Nf3 Bf5 14. Qd2 Bf6
15. Nc3 Re8 16. O-O Qe7 17. Rfe1 Qf8 18. Nb5 Red8 19. Bh6 Bg7 20. Bxg7 Kxg7 21.
Re3 d5 22. Qe2 a6 23. Nc7 Rac8 24. Re7 Be4 25. Nxd5 Nxd5 26. Qxe4 Qxe7 27. Qg4
Nf6 0-1

[Event "Open SSM Inverno"]
[Site "Milano ITA"]
[Date "2014.01.30"]
[Round "6"]
[White "Chiapperini, Christian"]
[Black "Verderame, Alberto"]
[WhiteElo "1516"]
[BlackElo "1474"]
[Result "0-1"]
[PlyCount "56"]
[EventDate "2014.01.14"]

1. e4 d6 2. d4 Nf6 3. Nc3 c6 4. Nf3 Bg4 5. Be2 e6 6. Be3 d5 7. exd5 cxd5 8. O-O
a6 9. Ne5 Bxe2 10. Qxe2 Bd6 11. Bg5 O-O 12. f4 Be7 13. Rae1 Nfd7 14. Bxe7 Qxe7
15. Nxd7 Nxd7 16. Nxd5 Qd6 17. Nc3 Qxd4+ 18. Kh1 b5 19. Rd1 Qa7 20. Rd3 Nc5 21.
Rg3 b4 22. Ne4 Nxe4 23. Qxe4 Rac8 24. Rd1 a5 25. Qe5 g6 26. c3 Qa6 27. h3 Rcd8
28. Rgd3 Rxd3 0-1

[Event "Open SSM Inverno"]
[Site "Milano ITA"]
[Date "2014.01.30"]
[Round "6"]
[White "Croso, Marco"]
[Black "Montoli, Marco"]
[WhiteElo "1861"]
[BlackElo "1981"]
[Result "1/2-1/2"]
[PlyCount "62"]
[EventDate "2014.01.14"]

1. Nf3 Nf6 2. d4 g6 3. c4 Bg7 4. Nc3 d5 5. Bf4 c5 6. e3 cxd4 7. Nxd4 O-O 8. Qb3
Nc6 9. Nxc6 bxc6 10. Be2 Re8 11. Be5 Qa5 12. cxd5 cxd5 13. O-O Be6 14. Qb5 Qd8
15. Rfd1 Bd7 16. Qb7 e6 17. Rac1 Qb6 18. Qxb6 axb6 19. a3 Rec8 20. Nb5 Ne8 21.
Bxg7 Kxg7 22. Kf1 Rc5 23. Nd4 Rac8 24. Rxc5 Rxc5 25. f4 Nd6 26. Bd3 Nc4 27.
Bxc4 Rxc4 28. Ke2 f6 29. Kd2 e5 30. b3 Rc5 31. Nf3 Bg4 1/2-1/2

[Event "Open SSM Inverno"]
[Site "Milano ITA"]
[Date "2014.02.30"]
[Round "6"]
[White "Frignani, Alessandro"]
[Black "Dicuonzo, Antonio"]
[WhiteElo "1372"]
[BlackElo "1645"]
[Result "0-1"]
[PlyCount "34"]
[EventDate "2014.01.14"]

1. e4 c5 2. f4 d6 3. Nf3 Nc6 4. g3 g6 5. Nc3 Bg7 6. Qe2 e6 7. Bg2 Nge7 8. Qb5
a6 9. Qb3 Na5 10. Qa4+ Bd7 11. Qa3 b5 12. b4 Nc4 13. Qb3 cxb4 14. Qxb4 a5 15.
Qb1 b4 16. d3 Bxc3+ 17. Ke2 Na3 0-1

[Event "Open SSM Inverno"]
[Site "Milano ITA"]
[Date "2014.01.30"]
[Round "6"]
[White "Greco, Giovanni"]
[Black "Papale, Carmelo"]
[WhiteElo "1402"]
[BlackElo "1821"]
[Result "0-1"]
[PlyCount "34"]
[EventDate "2014.01.14"]

1. d4 Nf6 2. c4 c5 3. d5 b5 4. b3 bxc4 5. bxc4 g6 6. Nc3 Bg7 7. Bb2 d6 8. Nf3
Nbd7 9. e3 Rb8 10. Rb1 Qa5 11. Qc2 Ng4 12. Nd2 Rxb2 13. Rxb2 Bxc3 14. Rb5 Bxd2+
15. Ke2 Qc3 16. Qxd2 Qxd2+ 17. Kxd2 Nxf2 0-1

[Event "Open SSM Inverno"]
[Site "Milano ITA"]
[Date "2014.01.30"]
[Round "6"]
[White "Marchesotti, Giovanni"]
[Black "Brisotto, Stefano"]
[WhiteElo "1526"]
[BlackElo "1492"]
[Result "1/2-1/2"]
[PlyCount "39"]
[EventDate "2014.01.14"]

1. Nf3 c5 2. c4 Nc6 3. Nc3 Nf6 4. g3 g6 5. Bg2 Bg7 6. O-O O-O 7. d4 b6 8. d5
Na5 9. Nd2 d6 10. b3 b5 11. Rb1 bxc4 12. Nxc4 Nxc4 13. bxc4 Ba6 14. Qd3 Nd7 15.
f4 Bxc3 16. Qxc3 Nb6 17. f5 Nxc4 18. Bh6 Ne5 19. fxg6 hxg6 20. Bxf8 1/2-1/2

[Event "Open SSM Inverno"]
[Site "Milano ITA"]
[Date "2014.01.30"]
[Round "6"]
[White "Nepi, Ezio"]
[Black "Carito, Riccardo"]
[WhiteElo "1918"]
[BlackElo "1712"]
[Result "1/2-1/2"]
[PlyCount "70"]
[EventDate "2014.01.14"]

1. d4 Nf6 2. c4 g6 3. Nc3 d5 4. e3 Bg7 5. cxd5 Nxd5 6. Nxd5 Qxd5 7. Ne2 e5 8.
Nc3 Qa5 9. d5 e4 10. Bd2 Nd7 11. Bc4 Qb4 12. Bb3 Nc5 13. O-O Nxb3 14. axb3 Bd7
15. Qc2 f5 16. Ne2 Qe7 17. Bc3 Be5 18. Bxe5 Qxe5 19. Qc3 Qxc3 20. bxc3 c6 21.
d6 c5 22. Rfd1 Bc6 23. Nf4 Kd7 24. b4 c4 25. Ra5 b6 26. Ra2 a6 27. Ne2 b5 28.
Kf1 Rhf8 29. Nd4 Rf6 30. Nxc6 Kxc6 31. d7 Kc7 32. Rd5 Rd8 33. Rad2 Rf7 34. Rc5+
Kb7 35. Rcd5 Kc7 1/2-1/2

[Event "Open SSM Inverno"]
[Site "Milano ITA"]
[Date "2014.01.30"]
[Round "6"]
[White "Pelizzola, Danilo"]
[Black "Villalba, Fernando"]
[WhiteElo "2127"]
[BlackElo "1856"]
[Result "1-0"]
[PlyCount "97"]
[EventDate "2014.01.14"]

1. e4 c5 2. Nf3 Nc6 3. d4 cxd4 4. Nxd4 g6 5. c4 Bg7 6. Be3 d6 7. Nc3 Nf6 8. Be2
O-O 9. O-O Bd7 10. Rc1 Ne5 11. f3 Nc6 12. Qd2 a6 13. Rfd1 Rc8 14. Bf1 h5 15.
Qf2 Ne5 16. b3 Nc6 17. Nde2 Qe8 18. Na4 Be6 19. Nb6 Rb8 20. Nc3 Nd7 21. Ncd5
Nxb6 22. Bxb6 Ne5 23. Nc7 Qc8 24. Nd5 Bxd5 25. cxd5 Qe8 26. Qd2 Nd7 27. Be3 Rc8
28. g3 Rxc1 29. Rxc1 Qb8 30. Qc2 Ne5 31. Be2 f5 32. exf5 Rxf5 33. Qc8+ Rf8 34.
Qxb8 Rxb8 35. Rc7 Bf8 36. Bb6 Kf7 37. h3 Kg8 38. f4 Nf7 39. Bd3 g5 40. Bf5 gxf4
41. gxf4 Nd8 42. Rc8 Rxc8 43. Bxc8 Nf7 44. Bxb7 Bh6 45. Bxa6 Bxf4 46. Be2 h4
47. a4 Ne5 48. a5 Nd7 49. Bf2 1-0

[Event "Open SSM Inverno"]
[Site "Milano ITA"]
[Date "2014.01.30"]
[Round "6"]
[White "Pollio, Ciro"]
[Black "Colica, Daniele"]
[WhiteElo "1761"]
[BlackElo "1698"]
[Result "1/2-1/2"]
[PlyCount "98"]
[EventDate "2014.01.14"]

1. d4 Nf6 2. c4 e6 3. a3 d5 4. Nc3 b6 5. cxd5 Nxd5 6. e4 Nxc3 7. bxc3 Bb7 8.
Bb5+ c6 9. Bd3 Nd7 10. Nf3 Be7 11. O-O O-O 12. Be3 c5 13. d5 exd5 14. exd5 Nf6
15. c4 b5 16. Rb1 bxc4 17. Bxh7+ Kxh7 18. Rxb7 Rh8 19. Ng5+ Kg8 20. Nxf7 Kxf7
21. d6 Re8 22. Bxc5 Qa5 23. Qd4 Rac8 24. Rxe7+ Rxe7 25. dxe7 Qxc5 26. Qc3 Qxe7
27. Re1 Qd7 28. h3 Qd3 29. Qb4 Nd5 30. Qb7+ Rc7 31. Qb8 Re7 32. Rc1 Qb3 33. Qc8
c3 34. Qf5+ Nf6 35. Qc5 Nd5 36. Qd4 Rc7 37. Qd3 Qc4 38. Qf3+ Nf6 39. g4 Kg8 40.
g5 Ne4 41. g6 Nd2 42. Qh5 Qd4 43. Qh7+ Kf8 44. Qh8+ Ke7 45. Re1+ Ne4 46. Qh4+
Kd7 47. Qg4+ Kd8 48. Rxe4 Qxe4 49. Qxe4 c2 1/2-1/2

[Event "Open SSM Inverno"]
[Site "Milano ITA"]
[Date "2014.01.30"]
[Round "6"]
[White "Ruggeri, Igor"]
[Black "Aloe, Giancarlo"]
[WhiteElo "1612"]
[BlackElo "1719"]
[Result "1-0"]
[PlyCount "121"]
[EventDate "2014.01.14"]

1. d4 d5 2. c4 c6 3. Nf3 Nf6 4. Nc3 Nbd7 5. e3 e6 6. Bd3 dxc4 7. Bxc4 b5 8. Bd3
Bb7 9. O-O g6 10. Qe2 Bg7 11. e4 O-O 12. Bg5 Qb6 13. Be3 Ng4 14. e5 Nxe3 15.
Qxe3 a6 16. Rfd1 Rad8 17. Rac1 c5 18. dxc5 Qxc5 19. Qxc5 Nxc5 20. Be2 Nd7 21.
Re1 Nxe5 22. Nxe5 Bxe5 23. Red1 Bd4 24. b3 Rd7 25. a4 Rfd8 26. axb5 axb5 27.
Nxb5 e5 28. Kf1 Kg7 29. Rc7 Ba6 30. Rxd7 Rxd7 31. Bc4 g5 32. Nxd4 Bxc4+ 33.
bxc4 Kf6 34. Ke2 exd4 35. Kd3 Kf5 36. Re1 h5 37. Re4 Ra7 38. Kxd4 Ra1 39. Re5+
Kf6 40. Re2 Rd1+ 41. Kc5 Rc1 42. Kd5 Rd1+ 43. Kc6 Ra1 44. c5 Ra6+ 45. Kb7 Ra3
46. c6 Rb3+ 47. Kc8 Kg7 48. c7 Kf8 49. Rd2 Ke7 50. Re2+ Kf8 51. Re3 Rb4 52. Rd3
Ke7 53. Re3+ Kf8 54. Kd7 Rd4+ 55. Kc6 Rc4+ 56. Kb6 Rc2 57. Rd3 Ke7 58. Rd5 f6
59. Rc5 Rb2+ 60. Kc6 Rxf2 61. c8=Q 1-0

[Event "Open SSM Inverno"]
[Site "Milano ITA"]
[Date "2014.01.30"]
[Round "6"]
[White "Taccani Stella, Alberto"]
[Black "Silari, Andrea"]
[WhiteElo "1380"]
[BlackElo "1749"]
[Result "0-1"]
[PlyCount "48"]
[EventDate "2014.01.14"]

1. d4 Nf6 2. Nf3 d5 3. e3 Bf5 4. Nbd2 e6 5. c3 Bd6 6. Be2 O-O 7. O-O Nbd7 8.
Nh4 Re8 9. Nxf5 exf5 10. Re1 Ne4 11. Nxe4 fxe4 12. g3 Re6 13. c4 c6 14. c5 Bc7
15. b4 Rh6 16. Kg2 f5 17. Rh1 g5 18. g4 f4 19. f3 Nf6 20. h3 Qe7 21. Qe1 Re8
22. Bd2 fxe3 23. Bxe3 exf3+ 24. Bxf3 Qxe3 0-1

[Event "Open SSM Inverno"]
[Site "Milano ITA"]
[Date "2014.01.30"]
[Round "6"]
[White "Vezzosi, Paolo"]
[Black "Darvishi, Mahmood"]
[WhiteElo "2252"]
[BlackElo "2056"]
[Result "1-0"]
[PlyCount "85"]
[EventDate "2014.01.14"]

1. d4 Nf6 2. Nf3 e6 3. c4 b6 4. e3 Bb7 5. Bd3 d5 6. Nc3 Be7 7. O-O O-O 8. b3
Nbd7 9. Bb2 Rc8 10. cxd5 exd5 11. Ne5 Re8 12. Ba6 Rb8 13. Bxb7 Rxb7 14. Nc6 Qc8
15. Qf3 Bd6 16. Rfc1 Ne4 17. Nxd5 Nf8 18. Nc3 Ng5 19. Qh5 h6 20. f4 Ngh7 21.
Ne5 Qe6 22. f5 Qe7 23. Nd5 Qd8 24. Qxf7+ Kh8 25. Nf4 Nf6 26. Rc6 Rb8 27. Rf1
Kh7 28. Nfg6 Qc8 29. Nxf8+ Rxf8 30. Qg6+ Kg8 31. Ng4 Nxg4 32. Qxg4 Qe8 33. Rc3
Qb5 34. e4 Bxh2+ 35. Kxh2 Qxf1 36. Rxc7 Rf7 37. Rxf7 Kxf7 38. d5 Ke8 39. Qg6+
Kd8 40. Qd6+ Kc8 41. Qc6+ Kd8 42. Qd6+ Kc8 43. Be5 1-0

[Event "Open SSM Inverno"]
[Site "Milano ITA"]
[Date "2014.02.04"]
[Round "7"]
[White "Aloe, Giancarlo"]
[Black "Pollio, Ciro"]
[WhiteElo "1719"]
[BlackElo "1761"]
[Result "0-1"]
[PlyCount "58"]
[EventDate "2014.01.14"]

1. d4 Nf6 2. Nf3 c5 3. e3 cxd4 4. exd4 d5 5. g3 Bf5 6. Bg2 e6 7. O-O Bd6 8.
Nbd2 Qc7 9. c3 h6 10. Qe2 O-O 11. c4 dxc4 12. Nxc4 Nc6 13. Nxd6 Qxd6 14. Rd1
Rad8 15. Bf4 Qb4 16. a3 Qb6 17. Be3 Nd5 18. Rac1 a6 19. b4 Rfe8 20. Ne5 Nxe5
21. dxe5 Nxe3 22. Rxd8 Rxd8 23. fxe3 Rd3 24. Rc5 Rxa3 25. e4 Bg6 26. Qb2 Ra4
27. Kh1 Rxb4 28. Rc8+ Kh7 29. Qc2 Rb1+ 0-1

[Event "Open SSM Inverno"]
[Site "Milano ITA"]
[Date "2014.02.04"]
[Round "7"]
[White "Bonazzi, Edoardo"]
[Black "Vezzosi, Paolo"]
[WhiteElo "2079"]
[BlackElo "2252"]
[Result "0-1"]
[PlyCount "90"]
[EventDate "2014.01.14"]

1. c4 e5 2. g3 f5 3. Bg2 Nf6 4. Nf3 Nc6 5. O-O g6 6. d3 Bg7 7. Nc3 O-O 8. Rb1
h6 9. b4 d6 10. b5 Ne7 11. Bb2 Be6 12. c5 g5 13. cxd6 cxd6 14. Nd2 Qd7 15. Nc4
Rfc8 16. Qa4 Ned5 17. Nxd5 Nxd5 18. Qa3 Bf8 19. Ba1 Nb6 20. Na5 Rc7 21. Rfc1
Rac8 22. Rxc7 Rxc7 23. Qb2 Qc8 24. Qd2 Rc2 25. Qe1 Bxa2 26. Bxb7 Qc5 27. d4
exd4 28. Rd1 Qxb5 29. Nc6 Rxc6 30. Bxc6 Qxc6 31. Bxd4 g4 32. Qa5 Qc2 33. Ra1
Be6 34. Qxa7 Nd7 35. Qa4 Qxe2 36. Bc3 Qf3 37. Qd4 Ne5 38. Qe3 Qxe3 39. fxe3
Nf3+ 40. Kg2 Ng5 41. Rd1 Kf7 42. Bb4 Ne4 43. h3 h5 44. hxg4 hxg4 45. Ra1 Bd5
0-1

[Event "Open SSM Inverno"]
[Site "Milano ITA"]
[Date "2014.02.04"]
[Round "7"]
[White "Capostagno, Francesco"]
[Black "Taccani Stella, Alberto"]
[WhiteElo "1695"]
[BlackElo "1380"]
[Result "1-0"]
[PlyCount "55"]
[EventDate "2014.01.14"]

1. e4 d6 2. d4 Nf6 3. Nc3 a6 4. Bg5 e6 5. e5 h6 6. Bxf6 gxf6 7. exf6 Qxf6 8.
Nf3 d5 9. Be2 Bd6 10. O-O Bd7 11. Re1 Nc6 12. Nxd5 Qg7 13. Ne3 O-O-O 14. c3 Ne7
15. Nc4 Rhg8 16. Nxd6+ cxd6 17. g3 f5 18. Bc4 f4 19. Bxe6 Bxe6 20. Rxe6 fxg3
21. fxg3 Nf5 22. Qe2 b5 23. Qg2 Rge8 24. Rae1 Rxe6 25. Rxe6 Qg4 26. Re2 Kd7 27.
Nh4 Nxh4 28. Qb7# 1-0

[Event "Open SSM Inverno"]
[Site "Milano ITA"]
[Date "2014.02.04"]
[Round "7"]
[White "Carito, Riccardo"]
[Black "Ruggeri, Igor"]
[WhiteElo "1712"]
[BlackElo "1612"]
[Result "1-0"]
[PlyCount "69"]
[EventDate "2014.01.14"]

1. d4 Nf6 2. Nf3 g6 3. Nbd2 Bg7 4. e3 O-O 5. Bd3 d6 6. c3 c5 7. O-O Nc6 8. Ne4
Nxe4 9. Bxe4 d5 10. Bc2 cxd4 11. exd4 e6 12. Bf4 Qb6 13. Rb1 Bd7 14. Qc1 Rfe8
15. Bh6 Bh8 16. Re1 e5 17. dxe5 Nxe5 18. Nxe5 Rxe5 19. Bb3 Rxe1+ 20. Qxe1 Re8
21. Qd2 d4 22. Rd1 Bf5 23. cxd4 Qxd4 24. Qxd4 Bxd4 25. g4 Bxf2+ 26. Kxf2 Bxg4
27. Re1 Rxe1 28. Kxe1 Be6 29. Bxe6 fxe6 30. Ke2 Kf7 31. Bg5 e5 32. Ke3 Ke6 33.
Ke4 b5 34. Bd8 h6 35. Bc7 1-0

[Event "Open SSM Inverno"]
[Site "Milano ITA"]
[Date "2014.02.04"]
[Round "7"]
[White "Casamassima, Paolo"]
[Black "Ciciotti, Augusto"]
[WhiteElo "1677"]
[BlackElo "1903"]
[Result "0-1"]
[PlyCount "76"]
[EventDate "2014.01.14"]

1. d4 Nf6 2. c4 g6 3. g3 Bg7 4. Nc3 O-O 5. Bg2 c5 6. d5 d6 7. e4 Na6 8. Nge2
Nc7 9. O-O a6 10. a4 b6 11. Rb1 Bd7 12. b4 Ng4 13. f4 e5 14. f5 gxf5 15. exf5
Nh6 16. Bh3 f6 17. Ne4 Qe7 18. N2c3 Nf7 19. Qh5 Rab8 20. b5 axb5 21. cxb5 Ra8
22. Bd2 Ra7 23. Ra1 Rfa8 24. Qd1 Nxb5 25. Qb3 Qe8 26. Rab1 Nxc3 27. Nxc3 Bxa4
28. Qxb6 Bc2 29. Rbc1 Bd3 30. Rf3 e4 31. Re1 Ra1 32. Rxd3 Rxe1+ 33. Bxe1 exd3
34. Bd2 Ra1+ 35. Kf2 Qe5 36. Qb2 Ra8 37. Qb5 Ng5 38. Bg4 Qd4+ 0-1

[Event "Open SSM Inverno"]
[Site "Milano ITA"]
[Date "2014.02.04"]
[Round "7"]
[White "Chiapperini, Christian"]
[Black "Frignani, Alessandro"]
[WhiteElo "1516"]
[BlackElo "1372"]
[Result "1/2-1/2"]
[PlyCount "120"]
[EventDate "2014.01.14"]

1. e4 e5 2. Nf3 Qf6 3. Bc4 Bc5 4. Nc3 Ne7 5. d3 h6 6. O-O a6 7. Qe2 Nbc6 8. a3
d6 9. Be3 Ba7 10. Nd5 Nxd5 11. Bxd5 Bxe3 12. fxe3 Ne7 13. Nd2 Qg5 14. Bxf7+ Kd8
15. Rf2 Bg4 16. Nf3 Qf6 17. Bb3 Ng6 18. Qd2 Rf8 19. Raf1 Kd7 20. d4 Qe7 21.
dxe5 Bxf3 22. e6+ Kc8 23. Rxf3 Rxf3 24. Rxf3 Ne5 25. Rf4 c6 26. Qf2 Kc7 27. Qd2
b6 28. Qc3 Rc8 29. Bd5 Kb7 30. Ba2 Rf8 31. Rxf8 Qxf8 32. Qe1 Qf6 33. Qf2 Ng4
34. Qxf6 Nxf6 35. e7 Kc7 36. Be6 d5 37. exd5 cxd5 38. Bxd5 Kd7 39. Bc4 b5 40.
Bd3 Kxe7 41. b4 Kd6 42. c4 bxc4 43. Bxc4 Kc7 44. Bxa6 Kb6 45. Bc4 g6 46. a4 g5
47. Kf2 Ng4+ 48. Ke2 Nxh2 49. e4 Ng4 50. Kf3 Ne5+ 51. Ke3 Nxc4+ 52. Kd4 Nd6 53.
Kd5 Ne8 54. Ke5 g4 55. Kf5 h5 56. g3 Nd6+ 57. Kg5 Nxe4+ 58. Kxh5 Nxg3+ 59. Kxg4
Ne4 60. Kf4 Nc3 1/2-1/2